000 00943nam a2200277Ia 4500
005 20220317000241.0
008 141031s9999 ck 000 0 spa d
020 _a9786074002645
100 1 _aReyes, Yolanda,
_d1959-
245 1 0 _aErnestina la gallina
_cYolanda Reyes ; ilustraciones de Aitana Carrasco
250 _a1a edición
300 _a28 páginas
_bilustraciones en color
_c19 cm.
490 _aTravesía
650 1 4 _2LEMB
_aÁlbumes infantiles colombianos
650 1 4 _2LEMB
_aJuegos de palabras
_vÁlbumes infantiles
650 1 4 _2LEMB
_aRimas infantiles
_vÁlbumes infantiles
650 1 4 _2LEMB
_aGallinas
_vÁlbumes infantiles
700 1 _aCarrasco, Aitana
_eilustrador
_911093
942 _2loc
_cBKINF
264 _aMéxico
_bOcéano Travesía
_c2010
336 _atexto
_btxt
_2rdacontent
337 _asin mediación
_bn
_2rdamedia
338 _avolumen
_bnc
_2rdacarrier
040 _aCO-BoRNBP
_bspa
_erda
_cCO-BoRNBP
084 _aA REY3
999 _c3522
_d3522